000 01614cam a2200361 i 4500
001 18160767
003 CO-ViMGA
005 20230915232209.0
008 140522s2013 enka 001 0 eng d
020 _a1465414436
020 _a9781409378884
040 _aCO-ViMGA
_bspa
_cCO-ViMGA
043 _an-us---
082 0 0 _a741.5
_223
_bM17
240 1 0 _aMarvel chronicle
245 1 0 _aMarvel year by year :
_ba visual chronicle /
_cwith a foreword by Stan Lee and afterword by Joe Quesada.
250 _aUpdated and expanded.
260 _aLondon :
_bDK,
_c2013
300 _a383 pages :
_bcolor illustrations ;
_c31 cm
500 _aIncludes index.
500 _aPreviously published as Marvel Chronicle in the United States in 2008 by DK Publishing.
505 0 _aForeword / Stan Lee -- Introduction / Tom DeFalco -- 1939 / Peter Sanderson -- 1940s / Peter Sanderson -- 1950s / Tom Brevoort -- 1960s / Tom DeFalco -- 1970s / Peter Sanderson -- 1980s / Tom DeFalco -- 1990s / Matthew K. Manning -- 2000s / Matthew K. Manning -- 2010s / Matthew K. Manning -- Afterword / Joe Quesada.
520 _aAn illustrated chronology of Marvel comics.
610 2 0 _aMarvel Comics Group.
_92135
610 2 7 _aMarvel Comics Group.
_2fast
_92135
650 0 _aComic books, strips, etc.
_zUnited States
_xHistory.
_92136
650 1 7 _aComic books, strips, etc.
_2fast
_92137
651 7 _aUnited States.
_2fast
_92138
655 7 _aHistory.
_2fast
_92139
710 2 _aMarvel Comics Group.
_92135
856 4 2 _3Publisher description
_uhttp://www.loc.gov/catdir/enhancements/fy1407/2014378113-d.html
942 _2ddc
_cBK
999 _c33716
_d33716